|
|
|
|
| LEADER |
03594nam a2200565 4500 |
| 001 |
ocn768230371 |
| 003 |
OCoLC |
| 005 |
20170124071559.3 |
| 006 |
m o d |
| 007 |
cr cn||||||||| |
| 008 |
111213s2012 enka ob 001 0 eng d |
| 040 |
|
|
|a DG1
|b eng
|e pn
|c DG1
|d E7B
|d YDXCP
|d OCLCQ
|d CDX
|d OCLCQ
|d NLGGC
|d OCLCO
|d OCLCQ
|d DEBBG
|d AZK
|d GrThAP
|
| 019 |
|
|
|a 768569394
|a 961569202
|a 962680253
|
| 020 |
|
|
|a 9781119971771
|q (electronic bk.)
|
| 020 |
|
|
|a 1119971772
|q (electronic bk.)
|
| 020 |
|
|
|a 9781405170147
|q (Cloth)
|
| 020 |
|
|
|a 140517014X
|q (Cloth)
|
| 024 |
8 |
|
|a 9786613300492
|
| 029 |
1 |
|
|a GBVCP
|b 79003512X
|
| 029 |
1 |
|
|a NZ1
|b 14976072
|
| 029 |
1 |
|
|a DEBBG
|b BV043393856
|
| 035 |
|
|
|a (OCoLC)768230371
|z (OCoLC)768569394
|z (OCoLC)961569202
|z (OCoLC)962680253
|
| 037 |
|
|
|a 10.1002/9781119971771
|b Wiley InterScience
|n http://www3.interscience.wiley.com
|
| 050 |
|
4 |
|a RC646.2
|b .D54 2012
|
| 060 |
|
4 |
|a WH 17
|
| 082 |
0 |
4 |
|a 616.99/373
|2 23
|
| 049 |
|
|
|a MAIN
|
| 245 |
0 |
4 |
|a The diagnosis of lymphoproliferative diseases /
|c Kevin C. Gatter [and others].
|
| 250 |
|
|
|a 2nd ed.
|
| 264 |
|
1 |
|a Chichester, West Sussex, UK ;
|a Hoboken, NJ :
|b Wiley-Blackwell,
|c 2012.
|
| 300 |
|
|
|a 1 online resource (vii, 271 pages) :
|b illustrations (some color)
|
| 336 |
|
|
|a text
|b txt
|2 rdacontent
|
| 337 |
|
|
|a computer
|b c
|2 rdamedia
|
| 338 |
|
|
|a online resource
|b cr
|2 rdacarrier
|
| 347 |
|
|
|a data file
|2 rda
|
| 380 |
|
|
|a Bibliography
|
| 505 |
0 |
|
|a Front Matter -- General Introduction -- Reactive and Infective Conditions -- An Introduction to Lymphoma Diagnosis -- B-Cell Lymphoblastic Leukaemia/Lymphoma -- T-Cell Lymphoblastic Lymphoma/Leukaemia -- B-Cell Chronic Lymphocytic Leukaemia -- Splenic B-Cell Marginal Zone Lymphoma -- Hairy Cell Leukaemia -- Lymphoplasmacytic Lymphoma -- Plasmacytoma/Myeloma -- Marginal Zone B-Cell Lymphoma (Extranodal Malt and Nodal Types) and Extranodal Malt Lymphoma -- Follicular Lymphoma -- Mantle Cell Lymphoma -- Diffuse Large B-Cell Lymphoma -- Burkitt Lymphoma -- T-Cell Prolymphocytic Leukaemia -- T-Cell Large Granular Lymphocytic Leukaemia and Aggressive NK-Cell Leukaemia -- Adult T-Cell Lymphoma/Leukaemia -- Extranodal NK/T-Cell Lymphomas: Nasal Type -- Enteropathy-Associated T-Cell Lymphoma -- Hepatosplenic T-Cell Lymphoma -- Subcutaneous Panniculitis-Like T-Cell Lymphoma and Primary Cutaneous?/d T-Cell Lymphoma -- Mycosis Fungoides/Šzary Syndrome -- Peripheral T-Cell Lymphoma -- Angioimmunoblastic T-Cell Lymphoma -- Anaplastic Large-Cell Lymphoma -- Hodgkin Lymphoma -- Immunodeficiency-Associated Lymphoproliferative Disorders -- Histiocytic Sarcoma -- Follicular Dendritic Cell Proliferations and Related Entities -- Langerhans Cell Histiocytosis -- Myeloid Leukaemias (Myeloid Sarcoma) -- Index.
|
| 500 |
|
|
|a Revised edition of: The diagnosis of lymphoproliferative diseases / Kevin Gatter, Georges Delsol. 2002.
|
| 504 |
|
|
|a Includes bibliographical references and index.
|
| 588 |
0 |
|
|a Print version record.
|
| 650 |
|
0 |
|a Lymphoproliferative disorders
|x Diagnosis.
|
| 650 |
|
2 |
|a Lymphoproliferative Disorders.
|
| 655 |
|
2 |
|a Atlases.
|
| 655 |
|
4 |
|a Electronic books.
|
| 700 |
1 |
|
|a Gatter, Kevin.
|
| 700 |
1 |
|
|a Gatter, Kevin.
|t Diagnosis of lymphoproliferative diseases.
|
| 710 |
2 |
|
|a Wiley InterScience (Online service)
|
| 776 |
0 |
8 |
|i Print version:
|t Diagnosis of lymphoproliferative diseases.
|b 2nd ed.
|d Chichester, West Sussex, UK ; Hoboken, NJ : Wiley-Blackwell, 2012
|z 9781405170147
|w (DLC) 2011015320
|w (OCoLC)712765648
|
| 856 |
4 |
0 |
|u https://doi.org/10.1002/9781119971771
|z Full Text via HEAL-Link
|
| 994 |
|
|
|a 92
|b DG1
|